[Event "Paris Apsap op 71st"]
[Site "Paris"]
[Date "2004.04.23"]
[Round "7"]
[White "Parguey, Thibault"]
[Black "Durret, Claude"]
[Result "0-1"]
[WhiteElo "1710"]
[BlackElo "1830"]
[PlyCount "70"]
[EventDate "2004.04.19"]
[EventType "swiss"]
[EventRounds "7"]
[EventCountry "FRA"]
[SourceTitle "CBM 100 Extra"]
[Source "ChessBase"]
[SourceDate "2004.07.06"]
[SourceVersion "2"]
[SourceVersionDate "2004.07.06"]
[SourceQuality "1"]

1. c4 c5 2. Nc3 Nc6 3. Nf3 g6 4. g3 Bg7 5. Bg2 a6 6. 0-0 Rb8 7. a3 b5 8. cxb5 axb5 9. d3 e6 10. Bd2 Nge7 11. Rb1 d5 12. e3 0-0 13. b4 cxb4 14. axb4 e5 15. Ne2 Bf5 16. Rb3 Qb6 17. Nh4 Be6 18. Rb2 e4 19. d4 g5 20. Nf3 exf3 21. Bxf3 Bh3 22. Re1 g4 23. Bg2 Bxg2 24. Kxg2 Ng6 25. Ng1 h5 26. h3 f5 27. f3 gxf3+ 28. Nxf3 Qd8 29. h4 Bf6 30. Qc2 Qd7 31. Rc1 Rbc8 32. Qc5 Nxd4 33. Qb6 Nxf3 34. Kxf3 Ne5+ 35. Ke2 Nc4 0-1